000 004970000a22001810004500
020 _a0-8298-0652-0
041 0 _aENG
082 0 4 _aG 364.153 F7452s
100 1 _aFortune, Marie M. (Marshall)
245 1 0 _aSexual violence : The unmentionable sin / Marie Marshall Fortune
260 _aNew York, NY., USA : Pilgrim
300 _axiv, 240 Pag
001 9774
942 _cBK
999 _c39628
_d39628
336 _atexto
_btxt
_2rdacontent
337 _2rdamedia
_asin mediación
_bn
338 _2rdacarrier
_avolumen
_bnc